The Transfer of Property Act (Record no. 1536)
[ view plain ]
| 000 -LEADER | |
|---|---|
| fixed length control field | 00558nam a2200205Ia 4500 |
| 003 - CONTROL NUMBER IDENTIFIER | |
| control field | BUBTL |
| 008 - FIXED-LENGTH DATA ELEMENTS--GENERAL INFORMATION | |
| fixed length control field | 151213s9999 xx 000 0 und d |
| 082 ## - DEWEY DECIMAL CLASSIFICATION NUMBER | |
| Classification number | 346.04/S5623t/ 2002 |
| 100 ## - MAIN ENTRY--PERSONAL NAME | |
| Personal name | Shukla, Dr. S.N. |
| 9 (RLIN) | 3996 |
| 245 ## - TITLE STATEMENT | |
| Title | The Transfer of Property Act |
| Statement of responsibility, etc. | Dr. S.N Shukla |
| 250 ## - EDITION STATEMENT | |
| Edition statement | 24th |
| 260 ## - PUBLICATION, DISTRIBUTION, ETC. (IMPRINT) | |
| Place of publication, distribution, etc. | Allahabad |
| Name of publisher, distributor, etc. | Law Agency |
| Date of publication, distribution, etc. | c2002 |
| 300 ## - PHYSICAL DESCRIPTION | |
| Extent | [xxii], 444 p . : |
| Other physical details | 21 cm. |
| 650 ## - SUBJECT ADDED ENTRY--TOPICAL TERM | |
| Topical term or geographic name as entry element | Law |
| 9 (RLIN) | 3900 |
| 650 ## - SUBJECT ADDED ENTRY--TOPICAL TERM | |
| Topical term or geographic name as entry element | Law |
| 9 (RLIN) | 3900 |
| 700 ## - ADDED ENTRY--PERSONAL NAME | |
| Personal name | Dr. S.N Shukla |
| 9 (RLIN) | 3901 |
| 856 ## - ELECTRONIC LOCATION AND ACCESS | |
| Password | 0 |
| Logon | 0 |
| Link text | Download |
| 942 ## - ADDED ENTRY ELEMENTS (KOHA) | |
| Source of classification or shelving scheme | |
| Koha item type | Books |
| Withdrawn status | Lost status | Source of classification or shelving scheme | Damaged status | Not for loan | Collection code | Permanent location | Current location | Shelving location | Date acquired | Inventory number | Total Checkouts | Full call number | Barcode | Date last seen | Copy number | Price effective from | Koha item type |
|---|---|---|---|---|---|---|---|---|---|---|---|---|---|---|---|---|---|
| Non-fiction | Bangladesh University of Business and Technology Library | Bangladesh University of Business and Technology Library | Law Stacks | 02/17/2021 | 1986 | 346.04/S5623t/ 2002 | BUBTL-20031986 | 02/17/2021 | C-1 | 02/17/2021 | Books |
